000 00492nam a2200181Ia 4500
003 GCL
005 20240530095747.0
008 140319s9999 xx 000 0 eng d
040 _aGCL /
_cGCL
082 0 4 _a297
_bA R
100 1 _aARKOUN, MOHAMMED
245 1 0 _aRETHINKING ISLAM: COMMONQUESTIONS UNCOMMON ANSWERS /
_cARKOUN, MOHAMMED
260 _a[S.N] :
_bWESTVIEW PRESS ،
_c1994
300 _a139 P
650 0 4 _aISLAM, 20 CENTURY
700 1 _aARKOUN, MOHAMED
942 _2ddc
_cBK
999 _c10351
_d10351